Départements français par image n°5 - Statistiques

Statistiques générales
  • Ce quiz a été pris 120 fois
  • Le résultat moyen est 6 sur 15
Statistiques - réponses
Par images Réponse % Correct
Corse-du-Sud
72%
Vaucluse
72%
Haute-Savoie
69%
Martinique
58%
Meuse
57%
Ille-et-Vilaine
51%
Bas-Rhin
50%
Eure-et-Loir
47%
Ardèche
46%
Ariège
41%
Nouvelle-Calédonie
37%
Gers
13%
Loire
10%
Cher
9%
Mayenne
4%
Aucun quiz correspondant
Distribution des résultats
% des personnes avec chaque résultat
Percentile par nombre de réponses
Votre historique - résultats
Vous n’avez pas pris ce quiz